| 000 | 00711cab a2200229 4500 | ||
|---|---|---|---|
| 001 | ABS41450 | ||
| 008 | 090401t1989 xxu||||| |||| 00| 0 eng d | ||
| 035 | _a(Sirsi) u30241 | ||
| 041 | _aeng | ||
| 100 | _aBarrie, G. | ||
| 245 | _aMaverick operation has muscle behind it | ||
| 260 | _c1989 | ||
| 350 | _a0 | ||
| 490 |
_aEstates Times _v(1014) 29 September 1989, 16(1) |
||
| 520 | _aReviews the type of services offered by Richard Ellis Venture Consultants , an offshoot of Richard Ellis , which concentrates mainly on the tax shelter market. | ||
| 650 | _aFUNDING | ||
| 650 | _aINVESTMENT | ||
| 650 | _aVENTURE CAPITAL | ||
| 690 | _aPROPERTY LAW AND PRACTICE | ||
| 942 | _n0 | ||
| 948 | _c04/03/1997 | ||
| 999 |
_c20376 _d20376 |
||